<?xml version="1.0" encoding="UTF-8"?>
<record
    xmlns:xsi="http://www.w3.org/2001/XMLSchema-instance"
    xsi:schemaLocation="http://www.loc.gov/MARC21/slim http://www.loc.gov/standards/marcxml/schema/MARC21slim.xsd"
    xmlns="http://www.loc.gov/MARC21/slim">

  <leader>01397cam a2200301 a 4500</leader>
  <controlfield tag="001">12490412</controlfield>
  <controlfield tag="003">CSDEKL</controlfield>
  <controlfield tag="005">20220326193246.0</controlfield>
  <controlfield tag="008">010801s2000    cr a          000 0 spa  </controlfield>
  <datafield tag="010" ind1=" " ind2=" ">
    <subfield code="a">  2001423042</subfield>
  </datafield>
  <datafield tag="020" ind1=" " ind2=" ">
    <subfield code="a">9977237182</subfield>
  </datafield>
  <datafield tag="040" ind1=" " ind2=" ">
    <subfield code="a">DLC</subfield>
    <subfield code="c">DLC</subfield>
    <subfield code="d">DLC</subfield>
  </datafield>
  <datafield tag="043" ind1=" " ind2=" ">
    <subfield code="a">nccr---</subfield>
  </datafield>
  <datafield tag="050" ind1="0" ind2="0">
    <subfield code="a">GR118.C6</subfield>
    <subfield code="b">L49 2000</subfield>
  </datafield>
  <datafield tag="082" ind1="0" ind2="0">
    <subfield code="a">398.209.728.6</subfield>
    <subfield code="2">L697I</subfield>
  </datafield>
  <datafield tag="100" ind1=" " ind2=" ">
    <subfield code="a">Chase, Alfonso</subfield>
    <subfield code="9">190</subfield>
  </datafield>
  <datafield tag="245" ind1="0" ind2="0">
    <subfield code="a">Libro de las maravillas :</subfield>
    <subfield code="b">antolog&#xED;a de romances y tradiciones costarricenses de Alfonso Chase /</subfield>
    <subfield code="c">Alfonso Chase ; ilustraciones de Juan Manuel S&#xE1;nchez.</subfield>
  </datafield>
  <datafield tag="260" ind1=" " ind2=" ">
    <subfield code="a">[San Jos&#xE9;?] :</subfield>
    <subfield code="b">Editorial Costa Rica,</subfield>
    <subfield code="c">[2000]</subfield>
  </datafield>
  <datafield tag="300" ind1=" " ind2=" ">
    <subfield code="a">384 p. :</subfield>
    <subfield code="b">ill. ;</subfield>
    <subfield code="c">27 cm.</subfield>
  </datafield>
  <datafield tag="505" ind1=" " ind2=" ">
    <subfield code="t">Deconstruyendo y construyendo la cultura popular en su expresi&#xF3;n literaria</subfield>
    <subfield code="t">Romances Tradicionales</subfield>
    <subfield code="t">Rondas y Juegos</subfield>
    <subfield code="t">Dichos Infantiles</subfield>
    <subfield code="t">Canciones de Cuna Arrullos</subfield>
    <subfield code="t">Adivinanzas</subfield>
    <subfield code="t">Villancicos para el ni&#xF1;o Dios</subfield>
    <subfield code="t">Coplas y Coplillas</subfield>
    <subfield code="t">Dichos y Ocurrencias</subfield>
    <subfield code="t">Oraciones y Milagros de Caminante</subfield>
    <subfield code="t">Somos lo que Comemos</subfield>
    <subfield code="t">Contenido</subfield>
  </datafield>
  <datafield tag="600" ind1=" " ind2=" ">
    <subfield code="x">Folclor- Costa Rica</subfield>
    <subfield code="x">Romance</subfield>
    <subfield code="z">Costa Rica</subfield>
    <subfield code="9">191</subfield>
  </datafield>
  <datafield tag="610" ind1=" " ind2=" ">
    <subfield code="z">Costa Rica</subfield>
    <subfield code="9">192</subfield>
  </datafield>
  <datafield tag="650" ind1=" " ind2="0">
    <subfield code="a">Folk literature, Costa Rican.</subfield>
    <subfield code="9">193</subfield>
  </datafield>
  <datafield tag="650" ind1=" " ind2="0">
    <subfield code="a">Cooking, Costa Rican.</subfield>
    <subfield code="9">194</subfield>
  </datafield>
  <datafield tag="700" ind1="1" ind2=" ">
    <subfield code="a">Chase, Alfonso,</subfield>
    <subfield code="d">1945-</subfield>
    <subfield code="9">195</subfield>
  </datafield>
  <datafield tag="906" ind1=" " ind2=" ">
    <subfield code="a">7</subfield>
    <subfield code="b">cbc</subfield>
    <subfield code="c">orignew</subfield>
    <subfield code="d">2</subfield>
    <subfield code="e">ncip</subfield>
    <subfield code="f">20</subfield>
    <subfield code="g">y-gencatlg</subfield>
  </datafield>
  <datafield tag="999" ind1=" " ind2=" ">
    <subfield code="c">29</subfield>
    <subfield code="d">29</subfield>
  </datafield>
  <datafield tag="952" ind1=" " ind2=" ">
    <subfield code="0">0</subfield>
    <subfield code="1">0</subfield>
    <subfield code="2">ddc</subfield>
    <subfield code="4">0</subfield>
    <subfield code="7">0</subfield>
    <subfield code="a">LV</subfield>
    <subfield code="b">LV</subfield>
    <subfield code="c">Pensamiento</subfield>
    <subfield code="d">2014-03-29</subfield>
    <subfield code="l">0</subfield>
    <subfield code="o">398.209.728.6</subfield>
    <subfield code="p">000087</subfield>
    <subfield code="r">2014-03-29 00:00:00</subfield>
    <subfield code="w">2014-03-29</subfield>
    <subfield code="y">01</subfield>
  </datafield>
</record>
